| 000 | 00614cam a2200229 a 4500 | ||
|---|---|---|---|
| 001 | 2943618 | ||
| 003 | OSt | ||
| 005 | 20240611130512.0 | ||
| 008 | 900227r19901955nyu b 001 0 eng | ||
| 010 | _a 90033977 | ||
| 020 | _a0486662896 | ||
| 040 |
_aDDC _cMUST |
||
| 082 | 0 | 0 |
_a515.7 _22nd |
| 100 | 1 |
_aRiesz, Frigyes, _917048 |
|
| 245 | 1 | 0 | _aFunctional analysis |
| 250 | _a2nd | ||
| 260 |
_aNew York : _bDover Publications, _c1990. |
||
| 300 |
_axii, 504 p. ; _c21 cm. |
||
| 504 | _aIncludes bibliographical references (p. 491) and index. | ||
| 650 | 0 |
_aFunctional analysis. _95452 |
|
| 942 |
_2ddc _cO_SHELF |
||
| 999 |
_c8383 _d8383 |
||